Artide Antartide (Lp doppio Pl 31611/12) (Record n. 102243)
[ formato base ]
| 000 -LEADER | |
|---|---|
| fixed length control field | 01993njm a2200385Ia 4500 |
| 001 - CONTROL NUMBER | |
| control field | 21283 |
| 003 - CONTROL NUMBER IDENTIFIER | |
| control field | IT-RoPAU |
| 005 - DATE AND TIME OF LATEST TRANSACTION | |
| control field | 20220918181152.0 |
| 008 - FIXED-LENGTH DATA ELEMENTS--GENERAL INFORMATION | |
| fixed length control field | 131025s9999 xx 000 0 und d |
| 040 ## - CATALOGING SOURCE | |
| Original cataloging agency | IT-RoPAU |
| 040 ## - CATALOGING SOURCE | |
| Transcribing agency | IT-RoPAU |
| 041 ## - LANGUAGE CODE | |
| Language code of text/sound track or separate title | ITALIANO |
| 999 ## - SYSTEM CONTROL NUMBERS (KOHA) | |
| Koha Dewey Subclass [OBSOLETE] | n.d. |
| 100 ## - MAIN ENTRY--PERSONAL NAME | |
| Personal name | Zero Renato |
| 9 (RLIN) | 5540 |
| 100 ## - MAIN ENTRY--PERSONAL NAME | |
| Relator term | Autore musica |
| 9 (RLIN) | 5541 |
| 100 ## - MAIN ENTRY--PERSONAL NAME | |
| Miscellaneous information | Codice autore musica SPICS: 11202 |
| 9 (RLIN) | 5542 |
| 245 ## - TITLE STATEMENT | |
| Title | Artide Antartide (Lp doppio Pl 31611/12) |
| 250 ## - EDITION STATEMENT | |
| Edition statement | 1a ed. |
| 260 ## - PUBLICATION, DISTRIBUTION, ETC. (IMPRINT) | |
| Place of publication, distribution, etc. | ITALIA |
| 260 ## - PUBLICATION, DISTRIBUTION, ETC. (IMPRINT) | |
| Name of publisher, distributor, etc. | RCA - ZEROMANIA MUSIC |
| Date of publication, distribution, etc. | 1981 [1a Ed.:1981 - Ed. Lingua Orig.: 1981] |
| 300 ## - PHYSICAL DESCRIPTION | |
| Extent | DISCO |
| 300 ## - PHYSICAL DESCRIPTION | |
| Dimensions | 90 minuti (Testo: pag.) |
| 500 ## - GENERAL NOTE | |
| General note | Musica leggera. Cantautore |
| 505 ## - FORMATTED CONTENTS NOTE | |
| Formatted contents note | Pionieri - Gente - I figli della topa - Sterili - Ciao Stefania - Per carità - Atomico pathos - Padre nostro - La stazione - Domicilio coatto - Ecco noi - Non passerà - Il jolly (6:00) - Stranieri (6:00) - Lungara (4:00) - Danzerò (4:00) - E io ti seguirò (6:00) - Notte balorda (4:00) - L'ammucchiata (4:00) - Marciapiedi (5:00) |
| 650 ## - SUBJECT ADDED ENTRY--TOPICAL TERM | |
| Topical term or geographic name as entry element | CANTAUTORI [DISCHI] |
| Relator term | Codice MATERIA SPICS: 9950 |
| 9 (RLIN) | 5543 |
| 700 ## - ADDED ENTRY--PERSONAL NAME | |
| Personal name | Zero Renato |
| Relator term | Autore testo e musica |
| Miscellaneous information | Codice autore testo/musica SPICS: 11202 |
| 9 (RLIN) | 5544 |
| 700 ## - ADDED ENTRY--PERSONAL NAME | |
| Personal name | Zero Renato |
| Miscellaneous information | Codice interprete SPICS: 11202 |
| Relator term | Interprete |
| 9 (RLIN) | 5545 |
| 700 ## - ADDED ENTRY--PERSONAL NAME | |
| Personal name | Conrado Adolfo |
| Miscellaneous information | Codice autore SPICS: 843 |
| Relator term | Autore |
| Name of part/section of a work | Lungara - Notte balorda - L'ammucchiata |
| 9 (RLIN) | 5546 |
| 700 ## - ADDED ENTRY--PERSONAL NAME | |
| Personal name | Pintucci |
| Miscellaneous information | Codice autore testo/musica SPICS: 24663 |
| Relator term | Autore testo/musica |
| Name of part/section of a work | Il jolly |
| 9 (RLIN) | 5547 |
| 700 ## - ADDED ENTRY--PERSONAL NAME | |
| Personal name | Evangelisti |
| Miscellaneous information | Codice autore testo/musica SPICS: 24576 |
| Relator term | Autore testo/musica |
| Name of part/section of a work | Il jolly - Lungara - Notte balorda - L'ammucchiata - Marciapiedi |
| 9 (RLIN) | 5548 |
| 700 ## - ADDED ENTRY--PERSONAL NAME | |
| Personal name | Baldan Bembo Dario |
| Miscellaneous information | Codice autore musica SPICS: 9846 |
| Relator term | Autore musica |
| Name of part/section of a work | Stranieri - E io ti seguirò |
| 9 (RLIN) | 5549 |
| 700 ## - ADDED ENTRY--PERSONAL NAME | |
| Personal name | Cini Alessandro (= Cicognini A. 8029) |
| Miscellaneous information | Codice autore SPICS: 13532 |
| Relator term | Autore |
| Name of part/section of a work | Danzerò |
| 9 (RLIN) | 5550 |
| 700 ## - ADDED ENTRY--PERSONAL NAME | |
| Personal name | Patara |
| Miscellaneous information | Codice autore SPICS: 24628 |
| Relator term | Autore |
| Name of part/section of a work | Marciapiedi |
| 9 (RLIN) | 5551 |
| 942 ## - ADDED ENTRY ELEMENTS (KOHA) | |
| Koha item type | DISCHI |
| Source of classification or shelving scheme | Dewey Decimal Classification |
| Withdrawn status | Lost status | Damaged status | Not for loan | Home library | Current library | Date acquired | Total Checkouts | Full call number | Date last seen | Price effective from | Koha item type | Public note |
|---|---|---|---|---|---|---|---|---|---|---|---|---|
| Buone Condizioni | Not For Loan | SPICS-MEDIATECA | SPICS-MEDIATECA | 25/10/2013 | 21283 | 25/10/2013 | 25/10/2013 | DISCHI | Progr. Ins.: 4583 / N.Vol.: 2 / Copie: 1 - Copia rara: n.d. / date import: 01.01.2014 - By Epidotti, Trombetti, Vaglietti |